| 000 | 00721nam a22002297a 4500 | ||
|---|---|---|---|
| 005 | 20170124110109.0 | ||
| 010 | _a528805 | ||
| 020 | _c00.00 | ||
| 035 | _a528805 | ||
| 037 | _bCen Lib/Ret | ||
| 040 |
_aDPL _bEN |
||
| 082 |
_a954.11 _bKHA |
||
| 100 |
_aKhan, Rahmatullah _928783 |
||
| 245 |
_aKashmir and the United Nations / _cby Rahmatullah Khan |
||
| 260 |
_bVikas Publications _c1969 _aNew Delhi |
||
| 270 |
_a5, Ansari Road, Daryaganj _bNew Delhi _e110002 |
||
| 300 |
_avii,199p. _c20cm(Hb) |
||
| 500 | _aIncludes bibliographical references and index | ||
| 650 |
_aUnited Nations -- India -- Jammu and Kashmir _928784 |
||
| 650 |
_aUnited Nations _928785 |
||
| 942 |
_2ddc _cEN _h954.11 _mKHA |
||
| 999 |
_c130281 _d130281 |
||